000 00280nam a2200109Ia 4500
008 220120s9999||||xx |||||||||||||| ||und||
082 _a005.74 GUR
100 _aGuruprasad, N
_93398
245 0 _aDat Stracture Uising C
260 _aScitech
_bNew Delhi
_c2003
300 _a389p.
_b180
999 _c136345
_d136345